Physical metallurgy / (Record no. 25857)
[ view plain ]
| 000 -LEADER | |
|---|---|
| fixed length control field | 00934cam a22002775a 4500 |
| 001 - CONTROL NUMBER | |
| control field | 1615093 |
| 005 - DATE AND TIME OF LATEST TRANSACTION | |
| control field | 20201128024221.0 |
| 008 - FIXED-LENGTH DATA ELEMENTS--GENERAL INFORMATION | |
| fixed length control field | 950404s1996 enka frb f001 0 eng d |
| 020 ## - INTERNATIONAL STANDARD BOOK NUMBER | |
| International Standard Book Number | 9780521559256 |
| 020 ## - INTERNATIONAL STANDARD BOOK NUMBER | |
| International Standard Book Number | 0521559251 |
| 040 ## - CATALOGING SOURCE | |
| Original cataloging agency | DLC |
| Transcribing agency | DLC |
| Modifying agency | DLC |
| -- | EG-ScBUE |
| Language of cataloging | eng |
| 041 1# - LANGUAGE CODE | |
| Language code of text/sound track or separate title | eng |
| Language code of original and/or intermediate translations of text | ger |
| 082 04 - DEWEY DECIMAL CLASSIFICATION NUMBER | |
| Classification number | 669.9 |
| Edition number | 22 |
| Item number | HAA |
| 100 1# - MAIN ENTRY--PERSONAL NAME | |
| Personal name | Haasen, P. |
| Fuller form of name | (Peter) |
| 240 10 - UNIFORM TITLE | |
| Uniform title | <a href="Physikalische Metallkunde.">Physikalische Metallkunde.</a> |
| Language of a work | English |
| 245 10 - TITLE STATEMENT | |
| Title | Physical metallurgy / |
| Statement of responsibility, etc | Peter Haasen ; translated by Janet Mordike. |
| 250 ## - EDITION STATEMENT | |
| Edition statement | 3rd end., rev. ed. |
| 260 ## - PUBLICATION, DISTRIBUTION, ETC. (IMPRINT) | |
| Place of publication, distribution, etc | Cambridge ; |
| -- | New York : |
| Name of publisher, distributor, etc | Cambridge University Press, |
| Date of publication, distribution, etc | 1997. |
| 300 ## - PHYSICAL DESCRIPTION | |
| Extent | xv, 420 p. : |
| Other physical details | ill. ; |
| Dimensions | 24 cm. |
| 504 ## - BIBLIOGRAPHY, ETC. NOTE | |
| Bibliography, etc | Includes bibliographical references and index. |
| 546 ## - LANGUAGE NOTE | |
| Language note | Text in English ; translated from German. |
| 650 #7 - SUBJECT ADDED ENTRY--TOPICAL TERM | |
| Topical term or geographic name as entry element | Physical metallurgy. |
| Source of heading or term | BUEsh |
| 9 (RLIN) | 2614 |
| 653 ## - INDEX TERM--UNCONTROLLED | |
| Resource For college | Engineering, Electrical |
| -- | Generalities |
| Arrived date list | January2018 |
| -- | February2018 |
| 700 1# - ADDED ENTRY--PERSONAL NAME | |
| Personal name | Mordike, Janet, |
| Relator term | translator. |
| 942 ## - ADDED ENTRY ELEMENTS (KOHA) | |
| Source of classification or shelving scheme | Dewey Decimal Classification |
| Withdrawn status | Item status | Source of classification or shelving scheme | Damaged status | Not for loan | Vendor | Home library | Current library | Shelving location | Date acquired | Source of acquisition | Cost, normal purchase price | Serial Enumeration / chronology | Total Checkouts | Full call number | Barcode | Date last seen | Cost, replacement price | Koha item type |
|---|---|---|---|---|---|---|---|---|---|---|---|---|---|---|---|---|---|---|
| Dewey Decimal Classification | Baccah | Central Library | Central Library | First floor | 04/01/2018 | Purchase | 612.00 | 21201 | 669.9 HAA | 000047088 | 15/07/2025 | 765.00 | Book - Borrowing |